Dopad globálnej krízy na slovenský trh práce a možnosti jeho oživenia
Situácia na slovenskom trhu práce. Miera nezamestnanosti v Slovenskej republike. Zmeny na trhu práce v dôsledku ekonomickej recesie z hľadiska makroekonomického rámca.
Guardado en:
| Autor principal: | |
|---|---|
| Otros Autores: | |
| Formato: | Capítulo de libro |
| Lenguaje: | eslovaco |
| Materias: | |
| Etiquetas: |
Sin Etiquetas, Sea el primero en etiquetar este registro!
|
MARC
| LEADER | 00000naa a2200000 4500 | ||
|---|---|---|---|
| 001 | 0142865 | ||
| 005 | 20240502072548.4 | ||
| 041 | 0 | |a slo | |
| 044 | |a SK | ||
| 245 | 1 | 0 | |a Dopad globálnej krízy na slovenský trh práce a možnosti jeho oživenia |c Eva Rievajová, Roman Klimko |
| 520 | |a Situácia na slovenskom trhu práce. Miera nezamestnanosti v Slovenskej republike. Zmeny na trhu práce v dôsledku ekonomickej recesie z hľadiska makroekonomického rámca. | ||
| 610 | 2 | 0 | |a Európska únia |
| 610 | 2 | 0 | |a trh práce |
| 610 | 2 | 0 | |a miera nezamestnanosti |
| 610 | 2 | 0 | |a Slovensko |
| 610 | 2 | 0 | |a kríza finančná |
| 100 | 1 | |a Rievajová, Eva | |
| 700 | 1 | |a Klimko, Roman, 1985- | |